| 000 | 00764nam a2200253Ia 4500 | ||
|---|---|---|---|
| 003 | OSt | ||
| 005 | 20220918172147.0 | ||
| 006 | a|||||r|||| 00| 0 | ||
| 007 | ta | ||
| 008 | 220917b |||||||| |||| 00| 0 eng d | ||
| 020 |
_a9789383221103 (hbk) _cINR 3500.00 |
||
| 024 | _a317,386 | ||
| 037 |
_b274, 01/03/2017, Eastern Book Linkers _cTextual |
||
| 040 |
_aARTS _cARTS _beng |
||
| 041 |
_2eng _aeng |
||
| 082 | _aV2.C, Q6 | ||
| 100 |
_aGanesan P. _940510 |
||
| 245 | 0 | _aAncient Indian history | |
| 260 |
_aDelhi _bSharada Publishing House India _c2016 |
||
| 300 |
_axii,475p. _ccm. |
||
| 650 |
_aINDIA - HISTORY - ANCIENT _940511 |
||
| 942 |
_hV2.C, Q6 _cTEXL _2CC |
||
| 999 |
_c142867 _d142867 |
||